| 000 | 00691nam a22001817a 4500 | ||
|---|---|---|---|
| 999 |
_c60766 _d60766 |
||
| 005 | 20231019155655.0 | ||
| 008 | 231019s1989 ru ||||| |||| 00| 0 rus d | ||
| 041 | _arus | ||
| 080 | _a552.1 Л-33 | ||
| 100 |
_aЛебединский, В.И. _920136 |
||
| 245 |
_aКнига о камне / _cВ.И. Лебединский, Л.П. Кириченко. |
||
| 264 |
_a М.: _bНедра, _c1989. |
||
| 300 |
_a192 стр.: _bил.; _c20 см. |
||
| 440 |
_aНаучно-популярная библиотека школьника _920137 |
||
| 653 | _aწიგნი ქვის შესახებ | ||
| 700 |
_a Кириченко, Л.П. _eავტორი _920138 |
||
| 942 |
_2udc _cMX |
||